| 000 | 00711cam a2200217u 4500 | ||
|---|---|---|---|
| 082 |
_a515.63 _bMUN _cL-4, P-12 |
||
| 100 | 1 |
_aWeatherburn, C. E. _939307 |
|
| 245 | 0 | 0 |
_aElementary vector analysis, _cMunawar Hussain, Sheikh Muhammad Hafeez |
| 250 | _a1st ed. | ||
| 260 |
_aLahore _bCaravan Book House _c1982. |
||
| 300 |
_a118 p. _bill. ; _c22 cm. |
||
| 526 |
_a0 _b0 _c0 _d515_630000000000000_MUN |
||
| 526 |
_a0 _b0 _c0 _d515_630000000000000_MUN |
||
| 526 |
_a0 _b0 _c0 _d515_630000000000000_MUN |
||
| 526 |
_a0 _b0 _c0 _d515_630000000000000_MUN |
||
| 526 |
_a0 _b0 _c0 _d515_630000000000000_MUN |
||
| 650 | 0 |
_aNUST _96342 |
|
| 650 | 0 |
_aVector analysis. _91184 |
|
| 700 |
_aMunawar Hussain _939308 |
||
| 942 |
_2ddc _cBK |
||
| 999 |
_c543808 _d543808 |
||